Managing change /

Bibliographic Details
Main Author: Carnall, Colin
Format: Book
Published: London: Routledge, 1991.
Subjects:
LEADER 00482cam a2200193 7i4500
001 0000044982
005 20151104090000.0
005 ##20151104154900.0
002 ##000005249
003 ##MY-KlINT
008 151104 00010 eng
020 # # |a 0415044634  
039 # 9 |y 201511041549  |z VLOAD 
090 0 0 |a 658.406 CAR  
100 1 # |a Carnall, Colin 
245 0 0 |a Managing change /   |c Colin Carnall. 
260 # # |a London:   |b Routledge,   |c 1991. 
300 # # |a ix, 101p. ;. 
650 # 0 |a Organizational change